Beteiligte Länder im 2. Weltkrieg - Statistiken

Allgemein
  • Dieses Quiz wurde 918 mal gespielt
  • Das Durchschnittsergebnis liegt bei 34 aus 62
Antwortstatistiken
Kontinent Land % Korrekt
Europa Deutschland
98%
Europa Frankreich
94%
Europa Italien
94%
Europa Japan
94%
Nordamerika Vereinigte Staaten
93%
Europa Vereinigtes Königreich
88%
Asien China
86%
Europa Sowjetunion
82%
Nordamerika Kanada
81%
Europa Polen
80%
Europa Finnland
77%
Europa Belgien
76%
Europa Norwegen
76%
Europa Ungarn
75%
Südamerika Brasilien
74%
Europa Niederlande
74%
Ozeanien Australien
73%
Europa Dänemark
72%
Südamerika Argentinien
69%
Nordamerika Mexiko
67%
Europa Rumänien
66%
Europa Griechenland
65%
Europa Bulgarien
63%
Europa Tschechoslowakei
62%
Asien Indien
61%
Europa Jugoslawien
61%
Asien Türkei
59%
Afrika Ägypten
58%
Südamerika Chile
57%
Europa Luxemburg
56%
Ozeanien Neuseeland
56%
Afrika Südafrika
53%
Südamerika Kolumbien
52%
Südamerika Peru
51%
Südamerika Venezuela
49%
Südamerika Bolivien
47%
Asien Iran
46%
Asien Irak
45%
Nordamerika Kuba
44%
Europa Slowakei
44%
Südamerika Uruguay
44%
Asien Thailand
43%
Südamerika Ecuador
42%
Nordamerika Panama
42%
Südamerika Paraguay
40%
Nordamerika Honduras
37%
Nordamerika Costa Rica
35%
Europa Kroatien
33%
Asien Mongolei
33%
Afrika Äthiopien
31%
Nordamerika Guatemala
31%
Nordamerika Nicaragua
31%
Asien Philippinen
31%
Nordamerika El Salvador
30%
Nordamerika Haiti
30%
Asien Syrien
30%
Asien Saudi-Arabien
29%
Nordamerika Dominikanische Republik
27%
Asien Libanon
14%
Afrika Liberia
13%
Asien Mandschukuo
4%
Asien Tuwinische Volksrepublik
4%
Keine übereinstimmenden Quizze gefunden
Verteilung der Resultate
Anzahl Personen mit jedem Resultat
Perzentil nach korrekt beantworteten Fragen
Ihre Resultats-Entwicklung
Sie haben dieses Quiz noch nicht gespielt